000
00312nam a22001097a 4500
008
160426b xxu||||| |||| 00| 0 eng d
020
_a
0801624924
041
_a
eng
080
_a
618.2
245
_a
Maternity care the nursing the family;
_c
Margaret Duncan Jensen; Ralph C. Benson; Irene M. Bobak;
942
_2
udc
_c
BK
999
_c
1589
_d
1589